Adivinhe os times:Alagoano 2025 - Statistics

Estatísticas Gerais
  • Esse quiz foi jogado 36 vezes
  • A pontuação média é 6 de 8
Estatísticas das Respostas
Imagem Resposta % Correto
Asa
96%
Crb
93%
Csa
93%
Cse
82%
Coruripe
75%
Murici
71%
Penedense
64%
Igaci
39%
Nenhum quiz correspondente encontrado
Distribuição das Pontuações
Porcentagem de Pessoas com Cada Pontuação
Percentil de Números Respondidos
Sua Pontuação Histórica
Você não jogou esse quiz